| 000 | 00677nam a22001937a 4500 | ||
|---|---|---|---|
| 008 | 130821s1908 it gr dita | ||
| 040 |
_aCo-BoUCM _bspa |
||
| 041 | 0 | 0 | _aita |
| 245 | 0 | 0 |
_aIFioretti di San Francesco e Il Cantico del Sole _cCon una introduzione di Adolfo Padovan |
| 250 | _a2a. ed. | ||
| 260 |
_aMilán (Italia) _bUlrico Hoepli _c1908 |
||
| 300 | _a310 páginas | ||
| 500 | _aIncluye índice | ||
| 600 |
_aFrancisco de Asís _cSanto _d1182-1226 _9124553 |
||
| 600 |
_aFrancisco de Asís _cSanto _d1182-1226 _vBiografías _9124554 |
||
| 650 | 0 | 4 |
_aBiografías _97343 |
| 942 |
_cLIBRO _a19 _e2 _mI34 _n0 _2DEWEY _h922 |
||
| 999 |
_c86384 _d86384 |
||